Top 10 Newest Countries - Statistics

General Stats
  • This quiz has been taken 50 times
  • The average score is 6 of 10
Answer Stats
Hint Answer % Correct
2011 South Sudan
98%
2008 Kosovo
86%
2006 Montenegro
77%
1993 Czechia
70%
2000 Serbia
70%
1993 Slovakia
70%
1993 North Macedonia
58%
1994 Palau
49%
1993 Eritrea
37%
1992 Uzbekistan
19%
No matching quizzes found
Score Distribution
Percent of People with Each Score
Percentile by Number Answered
Your Score History
You have not taken this quiz